| 000 | 00380 a2200157 4500 | ||
|---|---|---|---|
| 003 | Nust | ||
| 005 | 20170207153231.0 | ||
| 040 | _cNust | ||
| 082 | _a297.122521 | ||
| 100 | _aMohammad,Maulana Fateh | ||
| 245 |
_aHOLY QURAN _bEnglish Translation _cMarmaduke Pickthall |
||
| 260 |
_aKarachi _bTAJ Company |
||
| 300 | _a602:p | ||
| 538 | _aAlmirah No.64 Shelf No.2 | ||
| 650 | _aHOLY QURAN | ||
| 942 |
_2ddc _cBK |
||
| 999 |
_c181961 _d181961 |
||